| 000 | 00535pam a2200193 a 4500 | ||
|---|---|---|---|
| 020 |
_a9781418001896 _c7328.34 |
||
| 041 |
_aeng _hNULL |
||
| 082 |
_a362.1068 _bSHO/KAL |
||
| 100 | _aSHORTELL, S . | ||
| 245 |
_aHEALTH CARE MANAGEMENT: ORGANIZATION DESIGN & BEHAVIOR / _cNULL. _hTextual Documents |
||
| 250 |
_a5 / _b. |
||
| 260 |
_aNULL : _bTHOMSON DELMAR LEARUING , _c2006. |
||
| 300 |
_a567 : : _bXX ; ; _cA4 . . |
||
| 365 | _a7328.34 | ||
| 700 | _aKALUZNY, A . | ||
| 930 | _a3738 | ||
| 999 |
_c798272 _d798272 |
||
| 650 | _aPSM | ||